| 000 -LEADER |
| fixed length control field |
01647cam a2200349 a 4500 |
| 001 - CONTROL NUMBER |
| control field |
15855175 |
| 005 - DATE AND TIME OF LATEST TRANSACTION |
| control field |
20170105102856.0 |
| 008 - FIXED-LENGTH DATA ELEMENTS--GENERAL INFORMATION |
| fixed length control field |
090805s2009 nyu 000 0 eng |
| 010 ## - LIBRARY OF CONGRESS CONTROL NUMBER |
| LC control number |
2009032496 |
| 020 ## - INTERNATIONAL STANDARD BOOK NUMBER |
| International Standard Book Number |
9780231701372 (alk. paper) |
| 040 ## - CATALOGING SOURCE |
| Original cataloging agency |
DLC |
| Transcribing agency |
DLC |
| Modifying agency |
DLC |
| 043 ## - GEOGRAPHIC AREA CODE |
| Geographic area code |
e-gx--- |
| -- |
e-gw--- |
| 050 00 - LIBRARY OF CONGRESS CALL NUMBER |
| Classification number |
DD290.29 |
| Item number |
.K86 2009 |
| 082 00 - DEWEY DECIMAL CLASSIFICATION NUMBER |
| Classification number |
943.087/6 |
| Edition number |
22 |
| 100 1# - MAIN ENTRY--PERSONAL NAME |
| Personal name |
Kundnani, Hans. |
| 245 10 - TITLE STATEMENT |
| Title |
Utopia or Auschwitz? : |
| Remainder of title |
Germany's 1968 generation and the Holocaust / |
| Statement of responsibility, etc. |
Hans Kundnani. |
| 260 ## - PUBLICATION, DISTRIBUTION, ETC. |
| Place of publication, distribution, etc. |
New York : |
| Name of publisher, distributor, etc. |
Columbia University Press, |
| Date of publication, distribution, etc. |
c2009. |
| 300 ## - PHYSICAL DESCRIPTION |
| Extent |
xiii, 374 p. ; |
| Dimensions |
23 cm. |
| 505 0# - FORMATTED CONTENTS NOTE |
| Formatted contents note |
Prologue: war, again -- The shadow of Auschwitz -- Revolutionary optimism -- From protest to resistance -- An abominable irrationalism -- The struggle continues -- Death trip -- A lifeline -- Peace -- New republic -- Power -- A war against the past -- The return of history -- A German way -- Epilogue: a new generation. |
| 610 20 - SUBJECT ADDED ENTRY--CORPORATE NAME |
| Corporate name or jurisdiction name as entry element |
Sozialdemokratische Partei Deutschlands |
| General subdivision |
History. |
| 610 20 - SUBJECT ADDED ENTRY--CORPORATE NAME |
| Corporate name or jurisdiction name as entry element |
Grünen (Political party) |
| General subdivision |
History. |
| 650 #0 - SUBJECT ADDED ENTRY--TOPICAL TERM |
| Topical term or geographic name entry element |
Political culture |
| Geographic subdivision |
Germany (West) |
| General subdivision |
History. |
| 650 #0 - SUBJECT ADDED ENTRY--TOPICAL TERM |
| Topical term or geographic name entry element |
Political culture |
| Geographic subdivision |
Germany |
| General subdivision |
History |
| Chronological subdivision |
20th century. |
| 650 #0 - SUBJECT ADDED ENTRY--TOPICAL TERM |
| Topical term or geographic name entry element |
Holocaust, Jewish (1939-1945) |
| Geographic subdivision |
Germany |
| General subdivision |
Influence. |
| 651 #0 - SUBJECT ADDED ENTRY--GEOGRAPHIC NAME |
| Geographic name |
Germany |
| General subdivision |
Politics and government |
| Chronological subdivision |
1990- |
| 651 #0 - SUBJECT ADDED ENTRY--GEOGRAPHIC NAME |
| Geographic name |
Germany |
| General subdivision |
Politics and government |
| Chronological subdivision |
1945-1990. |
| 651 #0 - SUBJECT ADDED ENTRY--GEOGRAPHIC NAME |
| Geographic name |
Germany (West) |
| General subdivision |
Politics and government. |
| 651 #0 - SUBJECT ADDED ENTRY--GEOGRAPHIC NAME |
| Geographic name |
Germany |
| General subdivision |
Foreign relations |
| Chronological subdivision |
1990- |
| 906 ## - LOCAL DATA ELEMENT F, LDF (RLIN) |
| a |
7 |
| b |
cbc |
| c |
orignew |
| d |
1 |
| e |
ecip |
| f |
20 |
| g |
y-gencatlg |
| 942 ## - ADDED ENTRY ELEMENTS (KOHA) |
| Source of classification or shelving scheme |
|
| Koha item type |
Book |